00532 2200193 4500001002100000005001500021035002000036007000300056008004100059082001200100084001800112100003400130245007800164250001000242260003300252300002900285650001200314504001200326INLIS00000000000478120260703071852 a0010-0726000030ta260703 g 0 ind  a355.033 a355.033 HER b0 aHermawan Sulistyo (pengarang)1 aBedil dan Kursi :bDimesnsi Politik Milter Indonesia /cHermawan Sulistyo acet.2 aJakarta :bpensil-324,c2004 a157 hal :bteks ;c17 cm 4aPolitik ahal 157